| 000 | 00647cam a22002295a 4500 | ||
|---|---|---|---|
| 999 |
_c27462 _d27433 |
||
| 005 | 20190519091549.0 | ||
| 008 | 110418t2011 enka grb 001 0 eng d | ||
| 020 | _a9780273759614 | ||
| 040 |
_aStDuBDS _beng _cStDuBDS _dUk _dEG-ScBUE |
||
| 082 | 0 | 4 |
_a658.4092 _222 _bOWE |
| 100 | 1 | _aOwen, Jo. | |
| 245 | 1 | 0 |
_aHow to lead / _cJo Owen. |
| 250 | _a3rd ed. | ||
| 260 |
_aHarlow : _bPrentice Hall, _cc.2011. |
||
| 300 |
_axxvi, 310 p. : _bill, ; _c24 cm. |
||
| 504 | _aIncludes bibliographical references and index. | ||
| 650 | 7 |
_aLeadership. _2BUEsh |
|
| 650 | 7 |
_aManagement. _2BUEsh |
|
| 651 | _2BUEsh | ||
| 653 |
_bBUSADM _cMay2019 |
||
| 942 | _2ddc | ||